| 000 | 00656cam a22002411 4500 | ||
|---|---|---|---|
| 001 | ne 62001518 | ||
| 003 | DLC | ||
| 005 | 20260227111738.0 | ||
| 008 | 890107s1961 xx 000 0 ara | ||
| 010 | _ane 62001518 | ||
| 035 | _a(OCoLC)23523626 | ||
| 040 |
_aDLC _cMiU _dDLC |
||
| 042 | _apremarc | ||
| 043 |
_aaw----- _af-ua--- |
||
| 050 | 0 | 0 |
_aHE7190.8 _b.M2 |
| 100 | 1 | _aMaḥmūd, ʻAbd al-Munṣif. | |
| 245 | 1 | 0 | _aMin hudʹhud Sulaymān ilā ṭābiʻ al-barīd. |
| 260 | _c[1961?] | ||
| 300 |
_a204, [3] p. _c22 cm. |
||
| 500 | _aRomanized. | ||
| 650 | 0 |
_aPostal service _zMiddle East _xHistory. |
|
| 650 | 0 |
_aPostal service _zEgypt _xHistory. |
|
| 999 |
_c45296 _d45296 |
||